| 000 | 00516nam a22001577a 4500 | ||
|---|---|---|---|
| 005 | 20241209121456.0 | ||
| 008 | 241209b |||||||| |||| 00| 0 eng d | ||
| 020 | _a020103817X | ||
| 050 |
_aQH302 _b.K6 |
||
| 100 | _aKormondy, Edward J. | ||
| 245 |
_aBiology/ _bTeacher's edition _cEdward J. Kormondy & Bernice E. Essenfeld |
||
| 260 |
_aMenlo Park, California _bAddison-Wesley Publishing Company _c1984 |
||
| 300 |
_a788. various paging _bill. some color _c24cm |
||
| 700 | _aEssenfeld, Bernice E. | ||
| 942 |
_2lcc _cBK _n0 |
||
| 999 |
_c1990 _d1990 |
||